logo

Bir Sreshtho Munshi Abdur Rouf Library
Jhenaidah Cadet College

Graphics in motion : (Record no. 9849)

MARC details
000 -LEADER
fixed length control field 01000pam a2200325 a 4500
001 - CONTROL NUMBER
JCCL Control Number 9849
003 - CONTROL NUMBER IDENTIFIER
JCCL marc code BD-JhCC
005 - DATE AND TIME OF LATEST TRANSACTION
control field 20180402101202.0
008 - FIXED-LENGTH DATA ELEMENTS--GENERAL INFORMATION
fixed length control field 180402r19841981nyua b 001 0 eng
020 ## - INTERNATIONAL STANDARD BOOK NUMBER
International Standard Book Number 0442235054 (pbk.) :
Terms of availability $15.50
035 ## - SYSTEM CONTROL NUMBER
system control number (BD-JhCC)9849
040 ## - CATALOGING SOURCE
Original cataloging agency DLC
Transcribing agency DLC
Modifying agency DLC
-- BD-JhCC
041 0# - LANGUAGE CODE
Language code of Book engger
050 00 - LIBRARY OF CONGRESS CALL NUMBER
Classification number TR858
Item number .G7 1984
082 00 - DEWEY DECIMAL CLASSIFICATION NUMBER
Classification number 778.5/2345
DDC Edition number 19
Author mark and Year GRA 1984
245 00 - TITLE STATEMENT
Title Graphics in motion :
Remainder of title from the special effects film to holographics /
Statement of responsibility, etc [edited by] John Halas.
260 ## - PUBLICATION, DISTRIBUTION, ETC. (IMPRINT)
Place of publication, distribution, etc New York :
Name of publisher, distributor, etc Van Nostrand Reinhold,
Date of publication, distribution, etc 1984.
300 ## - PHYSICAL DESCRIPTION
Pagination 190 p. :
Other physical details ill. ;
Dimensions 23 cm.
500 ## - GENERAL NOTE
General note English and German.
500 ## - GENERAL NOTE
General note Reprint. Originally published: München : Bruckmann, 1981.
500 ## - GENERAL NOTE
General note Includes index.
504 ## - BIBLIOGRAPHY, ETC. NOTE
Bibliography, etc Bibliography: p. 185-186.
650 #0 - SUBJECT ADDED ENTRY--TOPICAL TERM
Topical term or geographic name as entry element Cinematography
General subdivision Special effects.
650 #0 - SUBJECT ADDED ENTRY--TOPICAL TERM
Topical term or geographic name as entry element Computer graphics.
650 #0 - SUBJECT ADDED ENTRY--TOPICAL TERM
Topical term or geographic name as entry element Television graphics.
650 #0 - SUBJECT ADDED ENTRY--TOPICAL TERM
Topical term or geographic name as entry element Holography.
700 1# - ADDED ENTRY--PERSONAL NAME
Personal name Halas, John.
942 ## - ADDED ENTRY ELEMENTS (KOHA)
Source of classification or shelving scheme Dewey Decimal Classification
Koha item type Books
Holdings
Source of classification or shelving scheme Damaged status Not for loan Home library Current library Shelving location Date of accession Total Checkouts Full call number Barcode Date last seen Copy number Koha item type
Dewey Decimal Classification     JCC Rouf Library JCC Rouf Library General Stacks 04/02/2018   778.5/2345 GRA 1984 13039 04/02/2018 C-1 Books

JCC Library | Contacts | JCC Home

Last Update on 23 September 2017
Copyright @ 2017-2020 JCC Rouf Library
Rouf Library, Jhenidah Cadet College (JCC), Bangladesh